000 00277nam a2200109Ia 4500
008 200302s9999 xx 000 0 und d
100 _aR. P. Misra
245 _aRegional Planning and Development vol II
260 _bHeritage Publishers Inc.
260 _c1989
300 _a227 P.,
999 _c5574
_d5574